00600nam a2200193Ia 4500008004100000020001500041082001500056100001400071245006800085250000700153260003400160300002600194500000700220600001500227650001500242942000700257952012700264999001500391240925s9999 xx 000 0 und d a8176357022 a658.45 ALP aAlpha - - 0aPresentation Skills: every managers desk reference services III aNA aNew Delhi:bTechmediac,2003. ax,514p.bNAfOriginal aNA aManagement aManagement cBK 001040708MANaUITUbUITUd2014-07-17eNAg266.75l1o658.45 ALPpQ5338r2026-01-02 14:41:37s2025-12-29w2024-09-25yBK c7837d7837